Филипок (Запись № 10617955)

Подробности
000 -МАРКЕР
контрольное поле 01535nam0a2200385 4500
001 - ИДЕНТИФИКАТОР ЗАПИСИ
контрольное поле RU\NLR\BIBL_A\010306062
005 - ИДЕНТИФИКАТОР ВЕРСИИ
контрольное поле 20260406130805.0
010 ## - МЕЖДУНАРОДНЫЙ СТАНДАРТНЫЙ НОМЕР КНИГИ (ISBN)
Номер (ISBN) 978-5-08-005178-4
Тираж 5000
021 ## - НОМЕР ГОСУДАРСТВЕННОЙ РЕГИСТРАЦИИ
Код страны Российская Федерация
Номер 2015-6231
Номер Листа государственной регистраци 392
021 ## - НОМЕР ГОСУДАРСТВЕННОЙ РЕГИСТРАЦИИ
Код страны Российская Федерация
Номер 2016-99295
Номер Листа государственной регистраци 6606
021 ## - НОМЕР ГОСУДАРСТВЕННОЙ РЕГИСТРАЦИИ
Код страны Российская Федерация
Номер 2014-11040
Номер Листа государственной регистраци 708
035 ## - ДРУГИЕ СИСТЕМНЫЕ НОМЕРА
Идентификатор записи (NILC)RuMoRGB-006747769
035 ## - ДРУГИЕ СИСТЕМНЫЕ НОМЕРА
Идентификатор записи (NLR Aleph) 010306062
100 ## - ДАННЫЕ ОБЩЕЙ ОБРАБОТКИ
Данные общей обработки 20140415d2013 |||y0rusy50 ca
101 0# - ЯЗЫК РЕСУРСА
Язык текста, звукозаписи и т.д. русский
102 ## - СТРАНА ПУБЛИКАЦИИ ИЛИ ПРОИЗВОДСТВА
Страна публикации Российская Федерация
105 ## - ПОЛЕ КОДИРОВАННЫХ ДАННЫХ: ТЕКСТОВЫЕ МАТЕРИАЛЫ, МОНОГРАФИЧЕСКИЕ
Кодированные данные о монографическом текстовом документе a|||z||||||f|
200 1# - ЗАГЛАВИЕ И СВЕДЕНИЯ ОБ ОТВЕТСТВЕННОСТИ
Основное заглавие Филипок
Сведения, относящиеся к заглавию были и рассказ
-- [для младшего школьного возраста]
Первые сведения об ответственности Л.Н. Толстой
Последующие сведения об ответственности худож.: Виктор Бритвин
210 ## - ПУБЛИКАЦИЯ, РАСПРОСТРАНЕНИЕ И ДР.
Место издания, распространения и т.д. Москва
Имя издателя, распространителя и т. д. Детская литература
Дата издания, распространения и т.д. 2013
215 ## - ФИЗИЧЕСКАЯ ХАРАКТЕРИСТИКА
Специфическое обозначение материала и объем 15, [1] с.
Другие сведения о физической характеристике цв. ил.
Размеры 24
225 1# - СЕРИЯ
Основное заглавие серии Книга за книгой
327 1# - ПРИМЕЧАНИЯ О СОДЕРЖАНИИ
Текст примечания Содерж.: были: Птичка; Филипок; Косточка; Черемуха: рассказ
675 ## - УНИВЕРСАЛЬНАЯ ДЕСЯТИЧНАЯ КЛАССИФИКАЦИЯ (UDC/УДК)
Индекс 821.161.1-93
686 0# - ИНДЕКСЫ ДРУГИХ КЛАССИФИКАЦИЙ
Индекс Ш9(2)60=Р5-4
700 #1 - ИМЯ ЛИЦА - ПЕРВИЧНАЯ ОТВЕТСТВЕННОСТЬ
Графика поля Кириллица
Материалы, к которым относится поле rus
Начальный элемент ввода Толстой
Часть имени, кроме начального элемента ввода Л. Н.
Даты 1828-1910
Расширение инициалов личного имени Лев Николаевич
Системный номер авторитетной/нормативной записи 111537
Идентификатор авторитетной/нормативной записи RU\NLR\AUTH\771515
702 #1 - ИМЯ ЛИЦА - ВТОРИЧНАЯ ОТВЕТСТВЕННОСТЬ
Код отношения Иллюстратор
Графика поля Кириллица
Материалы, к которым относится поле rus
Начальный элемент ввода Бритвин
Часть имени, кроме начального элемента ввода В. Г.
Дополнения к именам, кроме дат художник
Даты 1955-2023
Расширение инициалов личного имени Виктор Глебович
Системный номер авторитетной/нормативной записи 38384
Идентификатор авторитетной/нормативной записи RU\NLR\AUTH\7755452
801 #0 - ИСТОЧНИК ЗАПИСИ
Страна Российская Федерация
Организация RuMoRKP
Дата составления 20140227
Правила каталогизации RCR
801 #2 - ИСТОЧНИК ЗАПИСИ
Страна Российская Федерация
Организация РГБ
Дата составления 20140306
Правила каталогизации rcr
801 #1 - ИСТОЧНИК ЗАПИСИ
Страна Российская Федерация
Организация RuMoRKP
Дата составления 20140227
Источник данных rusmarc
942 ## - ДОПОЛНИТЕЛЬНЫЕ ЭЛЕМЕНТЫ ЗАПИСИ (АБИС)
Тип экземпляра АБИС Книга
980 ## - КОЛЛЕКЦИЯ
Название коллекции Национальная библиография
Экземпляры
Тип экземпляра Дата поступления Источник поступления Библиотека постоянного хранения Библиотека текущего хранения Место хранения Штрих-код Статус экземпляра Шифр хранения Стоимость Нумерация / хронология для периодики
Книга 15.04.2014 Обязательный экземпляр РНБ (Московский) РНБ (Московский) Обменный фонд 1-448108        
Книга 15.04.2014 Обязательный экземпляр РНБ (Московский) РНБ (Московский) Русский книжный фонд: издания с 1957 года 1-448104   2014-7/2086    
Книга 20.03.2015 Обязательный экземпляр РНБ (Московский) РНБ (Московский) Обменный фонд 1-884278        
Книга 20.03.2015 Обязательный экземпляр РНБ (Московский) РНБ (Московский) Обменный фонд 1-884279        
Книга 26.01.2017 Обязательный экземпляр РНБ (Московский) РНБ (Московский) Обменный фонд 1-1681209     0.00 2016
Книга 26.01.2017 Обязательный экземпляр РНБ (Московский) РНБ (Московский) Обменный фонд 1-1681210     0.00 2016